000 005120000a22001930004500
001 003588
003 MACL
005 20151001165052.0
008 151001b xxu||||| |||| 00| 0 eng d
040 _aMACL
_cMACL
041 _aEglish
082 _a900/GOR
100 _aGordon, Robert C.
_913148
245 _aEmerson and the Light of India
_bAn intellectual History
_cRobert C. Gordon
260 _aNew Delhi
_c2005
_bNational Book Trust,
350 _a100
650 _aHistory
_913149
942 _k900
_cBK
_2ddc
999 _c15486
_d15486